| 000 | 01929nam0a2200433 4500 | ||
|---|---|---|---|
| 001 | RU\NLR\BIBL_A\012192154 | ||
| 005 | 20200228121933.0 | ||
| 010 |
_a978-5-91339-556-6 _93000 |
||
| 021 |
_aRU _bАЛ-П-19-01136и _9АЛ-П-19-0213 |
||
| 035 | _a(NLR Aleph) 012192154 | ||
| 035 | _a(RuMoRGB)010224435 | ||
| 090 |
_a12298523 _c12298523 |
||
| 100 | _a20200130d2019 e y0rusy50 ca | ||
| 101 | 1 |
_arus _cund |
|
| 102 | _aRU | ||
| 105 | _aa|||t|||000ay | ||
| 181 | 0 |
_ai _baxxe |
|
| 182 | 0 | _an | |
| 200 | 1 |
_aДэдпул _eминибус _e[комиксы] _fБанн, Таладжич, Эспин [и др. _gперевод: Аркадий Щенков и др. _gхудожники: Далибор Таладжич и др.] _gMarvel |
|
| 203 |
_aТекст _bвизуальный _cнепосредственный |
||
| 210 |
_aМосква _cЭксмо _a[Санкт-Петербург] _cКомильфо _cМихаил Богданов _d2019 |
||
| 215 |
_a[456] с. _cцв. ил. _d30 |
||
| 225 | 1 | _aMarvel Minibus | |
| 300 | _aОписано по обл. | ||
| 327 | 1 | _aСодерж.: Дэдпул Уничтожает Вселенную Marvel; Дэдпул Уничтожает Литературу; Дэдпул Уничтожает Дэдпула; Дэдпул Против Карнажа; Ночь Живого Дэдпула | |
| 333 | _a16+ | ||
| 686 | 1 | _aШ6(7США)67-440.4комикс(Лх1979-50комикс) | |
| 686 | 1 | _aЩ153(7США)65-475 | |
| 701 | 1 |
_7ca _8rus _aБанн _bК. _f1971- _gКаллен _9186988 _3RU\NLR\AUTH\770187039 |
|
| 701 | 1 |
_aТаладжич _bД. _gДалибор |
|
| 701 | 1 |
_aЭспин _bС. _gСальва |
|
| 702 | 1 |
_aТаладжич _bД. _gДалибор _4040 |
|
| 942 | _cBOOK | ||
| 980 | _aNBR | ||
| 980 | _aNB | ||